000
00199 a2200097 4500
020
_a
9781426335204
041
_a
spa
100
_a
Kathleen Weidner Zoehfeld
245
_a
Rocas y Minerales
942
_c
K
999
_c
27140
_d
27140